000 00416nam a2200181Ia 4500
005 20250603144427.0
008 250603s9999 xx 000 0 und d
020 _a978-9944-723-23-7
050 _aPS 3558 .U832 T35/
100 _aDickens, Charles
245 2 _aA tale of two cities
260 _aIstanbul
260 _bAkyuz Publ.
260 _c2008
300 _a375 p
650 _aIstanbul
942 _cBK
999 _c38886
_d38886